=LDR 00000nam 2200000 4500 =001 INLIS000000000019904 =005 20130612114921 =008 ***********************************Ind** =035 ##$$a0010-061300000019904 =041 ##$$a Ind =082 ##$$a 828.83 =090 ##$$a 828.83, Fle m =100 ##$$a Fleming, Joan =245 ##$$a Maiden's prayer, Joan Fleming =260 ##$$a 1957 $b London =300 ##$$a 192 hlm, 31 cm =650 ##$$a Kesusastraan Inggris-Penulisan =850 ##$$a NBPNMAT =990 ##$$a 0001/BPAP-NTB/20142014